| 000 | 00351 a2200133 4500 | ||
|---|---|---|---|
| 001 | 87905 | ||
| 082 | _aPR 248 | ||
| 090 |
_c41372 _d41372 |
||
| 100 | _aImran Rasheed; Anila Ishaq Khan Prof | ||
| 245 |
_aTheoretical design of a machining centre _nG-65 |
||
| 260 |
_aRisalpur _bNUST _c2008 |
||
| 300 |
_a71 p. _ewith CD |
||
| 500 | _aBE project reports AE | ||
| 942 |
_aCAE NUST _kPR 248 |
||
| 999 |
_c322978 _d322978 |
||